| 000 | 00742nam a2200229 4500 | ||
|---|---|---|---|
| 001 | 57642 | ||
| 003 | BD-RjUL | ||
| 005 | 20211209080534.0 | ||
| 008 | 161211s2010 nju||||| |||| 00| 0 eng d | ||
| 020 | _a9780199230921 | ||
| 035 | _a(BD-RjUL)57766 | ||
| 040 |
_beng _c BD-RjUL |
||
| 041 | _aeng | ||
| 082 |
_223 _a616.025 _bRAO 2010 |
||
| 100 |
_aRamrakha,S. , Moore, Kevin P. ; Sam, Amir _9171165 |
||
| 245 | 0 | 1 |
_aOxford handbook of acute medicine/ _cPunit S. Ramrakha, Kevin P. Moore, Amir Sam. |
| 260 |
_aOxford ; New York : _bOxford University Press, _c2010. |
||
| 300 |
_axxxvii, 869 p., [4] p. of plates : _b ill. (some col.) ; _c19 cm. |
||
| 500 | _aIncludes index. | ||
| 650 |
_aMedical emergencies _9171166 |
||
| 942 |
_2ddc _cBK |
||
| 999 |
_c57642 _d57642 |
||